[Event "Muensterland Verbandsliga Gr2 2223"]
[Site "Germany"]
[Date "2022.09.10"]
[Round "1.5"]
[White "Preuss, Richard"]
[Black "Iking, Bernhard"]
[Result "1-0"]
[WhiteElo "1762"]
[BlackElo "1777"]
[PlyCount "67"]
[EventDate "2022.09.10"]
[EventType "team-tourn"]
[EventRounds "5"]
[EventCountry "GER"]
[SourceTitle "EXT 2024"]
[Source "ChessBase"]
[SourceDate "2023.10.10"]
[SourceVersion "1"]
[SourceVersionDate "2023.10.10"]
[SourceQuality "1"]
[WhiteTeam "Olfen"]
[BlackTeam "Gescher"]
[WhiteTeamCountry "GER"]
[BlackTeamCountry "GER"]

1. e4 c6 2. Nf3 d5 3. exd5 cxd5 4. d4 Nc6 5. Bd3 Bg4 6. c3 e6 7. 0-0 Bd6 8. Re1 Nge7 9. Bg5 h6 10. Bxe7 Qxe7 11. h3 Bxf3 12. Qxf3 0-0 13. Nd2 Rac8 14. Qh5 Qf6 15. Nf3 Bf4 16. Ne5 Nxe5 17. dxe5 Qg5 18. Qe2 f6 19. exf6 Rxf6 20. Bc2 e5 21. Rad1 e4 22. Rxd5 Qxd5 23. Bb3 Qxb3 24. axb3 e3 25. fxe3 Re8 26. e4 Ref8 27. Qc4+ Kh8 28. e5 Rf5 29. e6 Bg3 30. Rd1 b5 31. Qg4 Rg5 32. e7 Rg8 33. Qxg5 hxg5 34. Rd8 1-0

[Event "Muensterland Verbandsliga 1920"]
[Site "Germany"]
[Date "2020.01.11"]
[Round "5.7"]
[White "Preuss, Richard"]
[Black "Schlattmann, Martin"]
[Result "1/2-1/2"]
[WhiteElo "1733"]
[BlackElo "1731"]
[PlyCount "61"]
[EventDate "2019.09.07"]
[EventType "team-tourn"]
[EventRounds "7"]
[EventCountry "GER"]
[SourceTitle "EXT 2023"]
[Source "ChessBase"]
[SourceDate "2022.10.05"]
[SourceVersion "1"]
[SourceVersionDate "2022.10.05"]
[SourceQuality "1"]
[WhiteTeam "Olfen"]
[BlackTeam "Suedlohn II"]
[WhiteTeamCountry "GER"]
[BlackTeamCountry "GER"]

1. e4 e5 2. Nf3 Nc6 3. d4 exd4 4. Nxd4 Qh4 5. Nb5 Bb4+ 6. c3 Ba5 7. Qf3 Nf6 8. Bf4 d6 9. Nd2 0-0 10. g3 Qg4 11. Bg2 Qg6 12. h3 a6 13. Na3 Bb6 14. Nac4 Ba7 15. 0-0 Nh5 16. Be3 Bxe3 17. Nxe3 Ne5 18. Qe2 c6 19. Kh2 Be6 20. Nf5 Bxf5 21. exf5 Qh6 22. f4 Nd7 23. Qf3 g5 24. fxg5 Qxg5 25. Ne4 Qh6 26. f6 d5 27. Qg4+ Qg6 28. Qxd7 dxe4 29. Qf5 Qxg3+ 30. Kh1 Qg6 31. Kh2 1/2-1/2

[Event "Muensterland Regionalliga 1819"]
[Site "Germany"]
[Date "2019.03.23"]
[Round "8.7"]
[White "Peters, Helmut"]
[Black "Preuss, Richard"]
[Result "1-0"]
[WhiteElo "1941"]
[BlackElo "1764"]
[PlyCount "107"]
[EventDate "2018.09.08"]
[EventType "team-tourn"]
[EventRounds "9"]
[EventCountry "GER"]
[SourceTitle "EXT 2020"]
[Source "ChessBase"]
[SourceDate "2019.10.17"]
[SourceVersion "1"]
[SourceVersionDate "2019.10.17"]
[SourceQuality "1"]
[WhiteTeam "Muenster II"]
[BlackTeam "Olfen"]
[WhiteTeamCountry "GER"]
[BlackTeamCountry "GER"]

1. d4 d5 2. c4 e6 3. Nc3 Nf6 4. cxd5 exd5 5. Bg5 Be7 6. e3 c6 7. Qc2 h6 8. Bf4 Bd6 9. Bxd6 Qxd6 10. Bd3 Be6 11. Nge2 Nbd7 12. f3 0-0 13. 0-0 c5 14. dxc5 Qxc5 15. Nd4 Rac8 16. Rac1 a6 17. Qd2 Qd6 18. Nce2 Ne5 19. b3 Nxd3 20. Qxd3 Rxc1 21. Rxc1 Rc8 22. Rxc8+ Bxc8 23. Qc3 Bd7 24. a4 b6 25. a5 b5 26. b4 Ne8 27. Nb3 Qf6 28. Qxf6 Nxf6 29. Nc5 Bc8 30. Nc3 Kf8 31. Kf2 Ke7 32. Ke2 Kd6 33. Kd3 Nd7 34. Kd4 Nf6 35. g4 Kc6 36. h4 g5 37. Ke5 gxh4 38. Kxf6 h3 39. Ne2 h2 40. Ng3 d4 41. exd4 Kd5 42. Kxf7 Kxd4 43. Kg6 Kc4 44. Kxh6 Kxb4 45. Nce4 Kxa5 46. g5 b4 47. g6 Be6 48. f4 Kb6 49. Kg5 Kc7 50. f5 Bd5 51. f6 Kd8 52. Nc5 b3 53. f7 Ke7 54. Nf5+ 1-0

[Event "Muensterland Verbandsliga 1718"]
[Site "Germany"]
[Date "2017.10.07"]
[Round "2.6"]
[White "Tecklenborg, Georg"]
[Black "Preuss, Richard"]
[Result "0-1"]
[WhiteElo "1810"]
[BlackElo "1747"]
[PlyCount "96"]
[EventDate "2017.09.09"]
[EventType "team-tourn"]
[EventRounds "9"]
[EventCountry "GER"]
[SourceTitle "EXT 2019"]
[Source "ChessBase"]
[SourceDate "2018.10.10"]
[SourceVersion "1"]
[SourceVersionDate "2018.10.10"]
[SourceQuality "1"]
[WhiteTeam "Duelmen"]
[BlackTeam "Olfen"]
[WhiteTeamCountry "GER"]
[BlackTeamCountry "GER"]

1. e4 e6 2. d4 d5 3. exd5 exd5 4. Bd3 Nf6 5. Bf4 Bd6 6. Bxd6 Qxd6 7. Nf3 0-0 8. 0-0 Bg4 9. Nbd2 Re8 10. c3 Nbd7 11. Qc2 Re7 12. Nh4 Qf4 13. g3 Qg5 14. Rfe1 Rae8 15. Rxe7 Rxe7 16. Nf1 g6 17. Kg2 Nh5 18. h3 Be6 19. Ne3 Ndf6 20. Nf3 Nf4+ 21. Kh2 Qh5 22. gxf4 Qxh3+ 23. Kg1 Qxf3 24. f5 Bxf5 25. Bxf5 gxf5 26. Qxf5 Qxf5 27. Nxf5 Re2 28. b3 Rc2 29. Re1 Rxc3 30. Re7 Kf8 31. Re2 Rf3 32. Ne3 c6 33. Kg2 Rf4 34. Nc2 Re4 35. Rd2 Kg7 36. f3 Rf4 37. Re2 Kf8 38. Re5 Rh4 39. Rf5 Ke7 40. Re5+ Kd6 41. Rf5 Ke7 42. Re5+ Kf8 43. Rf5 Nd7 44. f4 Rh6 45. Ne3 Re6 46. Kf3 Re4 47. Rh5 Nf6 48. Rh6 Rxe3+ 0-1

[Event "Muensterland Regionalliga 1415"]
[Site "Germany"]
[Date "2014.12.13"]
[Round "4.8"]
[White "Preuss, Richard"]
[Black "Schaefer, Guenter"]
[Result "1/2-1/2"]
[WhiteElo "1791"]
[BlackElo "1911"]
[PlyCount "45"]
[EventDate "2014.09.20"]
[EventType "team-tourn"]
[EventRounds "9"]
[EventCountry "GER"]
[SourceTitle "EXT 2016"]
[Source "ChessBase"]
[SourceDate "2015.10.08"]
[SourceVersion "1"]
[SourceVersionDate "2015.10.08"]
[SourceQuality "1"]
[WhiteTeam "Olfen"]
[BlackTeam "Nienberge"]
[WhiteTeamCountry "GER"]
[BlackTeamCountry "GER"]

1. e4 d6 2. Nf3 Nf6 3. Nc3 g6 4. d4 Bg7 5. Be2 0-0 6. h3 c6 7. Be3 Qc7 8. Qd2 b5 9. a3 Nbd7 10. 0-0 a6 11. Rfd1 Bb7 12. Ne1 c5 13. f3 Rac8 14. d5 Nb6 15. Rac1 Rfe8 16. Bf1 e6 17. dxe6 Rxe6 18. Bf4 Nfd7 19. Kh1 Ne5 20. b3 Rd8 21. Nd3 Ree8 22. Bxe5 dxe5 23. Qe3 1/2-1/2

[Event "Muensterland Regionalliga 1314"]
[Site "Germany"]
[Date "2014.04.05"]
[Round "8.6"]
[White "Koetting, Hans Erich"]
[Black "Preuss, Richard"]
[Result "0-1"]
[WhiteElo "1896"]
[BlackElo "1742"]
[PlyCount "124"]
[EventDate "2013.09.07"]
[EventType "team-tourn"]
[EventRounds "9"]
[EventCountry "GER"]
[SourceTitle "EXT 2015"]
[Source "ChessBase"]
[SourceDate "2014.11.20"]
[SourceVersion "1"]
[SourceVersionDate "2014.11.20"]
[SourceQuality "1"]
[WhiteTeam "Duelmen"]
[BlackTeam "Olfen"]
[WhiteTeamCountry "GER"]
[BlackTeamCountry "GER"]

1. d4 d5 2. Nf3 e6 3. Bf4 Nf6 4. e3 c5 5. c3 Qb6 6. Qc2 Nc6 7. Nbd2 cxd4 8. exd4 Be7 9. Bd3 Bd7 10. 0-0 Rc8 11. Qb3 Qxb3 12. axb3 Nh5 13. Be3 Bd6 14. Rfe1 0-0 15. g3 a6 16. Bf1 f5 17. b4 f4 18. gxf4 Nxf4 19. Nb3 Rf6 20. Nc5 Bxc5 21. bxc5 Rcf8 22. Ne5 Nxe5 23. dxe5 Rg6+ 24. Kh1 d4 25. h3 Bc6+ 26. Kh2 dxe3 27. Rxe3 Rd8 28. Rg3 Rd2 29. Rxg6 Nxg6 30. b4 Rxf2+ 31. Kg1 Rc2 32. Bxa6 Rg2+ 33. Kf1 bxa6 34. c4 Nxe5 35. Rxa6 Rc2 36. b5 Rxc4 37. bxc6 Rxc5 38. c7 Rxc7 39. Rxe6 Ng6 40. Re4 Rc2 41. Kg1 Kf7 42. Ra4 Ne7 43. Rf4+ Kg6 44. Rh4 h5 45. Ra4 Kh6 46. Ra5 g5 47. Ra6+ Ng6 48. Rb6 h4 49. Ra6 Kh5 50. Ra3 Nf4 51. Kh1 Rg2 52. Ra8 Rg3 53. Ra2 Rxh3+ 54. Kg1 Kg4 55. Rb2 Rg3+ 56. Kh1 h3 57. Rb4 Kf3 58. Rb3+ Kf2 59. Rb2+ Ne2 60. Rb5 g4 61. Rg5 Nd4 62. Rg8 Rg1+ 0-1

[Event "Muensterland Verbandsklasse-A 1011"]
[Site "Germany"]
[Date "2011.03.12"]
[Round "8.7"]
[White "Roessing, Paul"]
[Black "Preuss, Richard"]
[Result "1/2-1/2"]
[WhiteElo "1680"]
[BlackElo "1764"]
[PlyCount "66"]
[EventDate "2010.09.18"]
[EventType "team-tourn"]
[EventRounds "9"]
[EventCountry "GER"]
[SourceTitle "EXT 2012"]
[Source "ChessBase"]
[SourceDate "2011.11.24"]
[SourceVersion "1"]
[SourceVersionDate "2011.11.24"]
[SourceQuality "1"]
[WhiteTeam "Duelmen"]
[BlackTeam "Olfen"]
[WhiteTeamCountry "GER"]
[BlackTeamCountry "GER"]

1. e4 e6 2. d4 d5 3. exd5 exd5 4. Nf3 Nf6 5. Bd3 Bd6 6. 0-0 0-0 7. Bg5 Be6 8. Nbd2 Nbd7 9. c4 dxc4 10. Nxc4 Bxc4 11. Bxc4 c6 12. Rc1 Qb6 13. b3 Ne4 14. Bd3 Nxg5 15. Nxg5 Nf6 16. Re1 Bf4 17. Rc5 Rfe8 18. Ne4 Nxe4 19. Bxe4 Rad8 20. Qg4 Qb4 21. Qe2 Qxd4 22. Rc4 Qf6 23. g3 Bh6 24. f4 Re6 25. Qc2 g6 26. Re2 b5 27. Rxc6 Bf8 28. Rxe6 Qxe6 29. Kg2 a6 30. Qc6 Rd6 31. Qc2 Qd7 32. Bf3 f5 33. Kf2 Bg7 1/2-1/2